Score 0/12 Timer 03:00
150 Plays Today
% Correct
Big Ben
London, United Kingdom
97.4%
Eiffel Tower
Paris, France
96.3%
Colosseum
Rome, Italy
95.2%
St. Basil's Cathedral
Moscow, Russia
94.7%
Acropolis
Athens, Greece
89.7%
Brandenburg Gate
Berlin, Germany
85.1%
Sagrada Família
Barcelona, Spain
80.6%
Atomium
Brussels, Belgium
69.3%
Schönbrunn Palace
Vienna, Austria
64.4%
Old City of Dubrovnik
Croatia
64%
Belém Tower
Lisbon, Portugal
61.9%
Charles Bridge
Prague, Czechia
60.4%

You're not logged in!

Compare scores with friends on all Sporcle quizzes.
OR
Log In

Sporcle TV

Today on Sporcle TV


Watch our educational content, quiz creation guides, and fun videos on Sporcle TV.

Show Comments

Extras

Top Quizzes Today


Score Distribution

Paid Content

Your Account Isn't Verified!

In order to create a playlist on Sporcle, you need to verify the email address you used during registration. Go to your Sporcle Settings to finish the process.

Report this User

Report this user for behavior that violates our Community Guidelines.

Details: